[Event "Villa Martelli ProAm op 24th"]
[Site "Villa Martelli"]
[Date "2017.10.06"]
[Round "7"]
[White "Mirada, Luciano"]
[Black "Amoroso, Juan Pablo"]
[Result "0-1"]
[WhiteElo "1863"]
[BlackElo "2014"]
[PlyCount "44"]
[EventDate "2017.10.01"]
[EventType "swiss"]
[EventRounds "9"]
[EventCountry "ARG"]
[SourceTitle "CBM 181 Extra"]
[Source "ChessBase"]
[SourceDate "2017.12.12"]
[SourceVersion "1"]
[SourceVersionDate "2017.12.12"]
[SourceQuality "1"]

1. e4 c5 2. b4 cxb4 3. a3 bxa3 4. Nxa3 Nc6 5. Nf3 d6 6. Bc4 Nf6 7. Qe2 Bg4 8. Bb2 e6 9. Ba2 Be7 10. 0-0 0-0 11. d4 d5 12. exd5 exd5 13. Rfd1 Re8 14. Qd3 Nb4 15. Qb3 a5 16. c4 a4 17. Qc3 Ne4 18. Qe3 Bg5 19. Nxg5 Nxg5 20. Qd2 Bxd1 21. Qxb4 Nf3+ 22. gxf3 Qg5+ 0-1

[Event "Villa Martelli ProAm op 24th"]
[Site "Villa Martelli"]
[Date "2017.10.05"]
[Round "6"]
[White "Mirada, Luciano"]
[Black "Falcon, Benjamin"]
[Result "0-1"]
[WhiteElo "1863"]
[BlackElo "2183"]
[PlyCount "74"]
[EventDate "2017.10.01"]
[EventType "swiss"]
[EventRounds "9"]
[EventCountry "ARG"]
[SourceTitle "CBM 181 Extra"]
[Source "ChessBase"]
[SourceDate "2017.12.12"]
[SourceVersion "1"]
[SourceVersionDate "2017.12.12"]
[SourceQuality "1"]

1. d4 Nf6 2. Nf3 g6 3. Bf4 Bg7 4. e3 0-0 5. c4 d6 6. Be2 b6 7. Nc3 Bb7 8. Qc2 Nbd7 9. Rc1 e5 10. dxe5 Nxe5 11. Bxe5 dxe5 12. 0-0 e4 13. Rfd1 Qe7 14. Nd4 c5 15. Ndb5 a6 16. Na3 Rab8 17. Rd2 h5 18. Rcd1 Rfc8 19. Rd6 Bc6 20. R6d2 Qe5 21. Nd5 Bxd5 22. cxd5 b5 23. Nb1 Bf8 24. a4 Bd6 25. g3 c4 26. Bf1 Nd7 27. axb5 axb5 28. Bh3 f5 29. Nc3 Nc5 30. Rb1 Nd3 31. Ra1 b4 32. Ne2 Qxd5 33. Ra6 Ra8 34. Qa4 Rxa6 35. Qxa6 Ra8 36. Qb6 Qc5 37. Qb7 Ra7 0-1

[Event "Villa Martelli ProAm op 24th"]
[Site "Villa Martelli"]
[Date "2017.10.02"]
[Round "3"]
[White "Churba, Daniel Albert"]
[Black "Mirada, Luciano"]
[Result "1-0"]
[WhiteElo "2062"]
[BlackElo "1863"]
[PlyCount "75"]
[EventDate "2017.10.01"]
[EventType "swiss"]
[EventRounds "9"]
[EventCountry "ARG"]
[SourceTitle "CBM 181 Extra"]
[Source "ChessBase"]
[SourceDate "2017.12.12"]
[SourceVersion "1"]
[SourceVersionDate "2017.12.12"]
[SourceQuality "1"]

1. Nf3 Nf6 2. c4 g6 3. b3 Bg7 4. Bb2 0-0 5. g3 d6 6. Bg2 e5 7. d3 Nbd7 8. 0-0 Nh5 9. Nc3 f5 10. Qd2 f4 11. d4 exd4 12. Nxd4 Ne5 13. Bd5+ Kh8 14. Ne6 Bxe6 15. Bxe6 f3 16. Bd5 Qd7 17. exf3 c6 18. f4 Nxf4 19. gxf4 Qg4+ 20. Kh1 cxd5 21. f3 Qxf4 22. Qxf4 Rxf4 23. Nxd5 Rxf3 24. Bxe5 Rxf1+ 25. Rxf1 dxe5 26. Rf7 b6 27. Kg2 Kg8 28. Rb7 e4 29. Re7 Kf8 30. Kf2 e3+ 31. Ke2 h5 32. Rb7 Bh6 33. Nc7 Rc8 34. Ne6+ Kg8 35. Rxa7 Re8 36. Nc7 Re4 37. Nd5 Rh4 38. Ne7+ 1-0

[Event "Villa Martelli ProAm op 24th"]
[Site "Villa Martelli"]
[Date "2017.10.01"]
[Round "2"]
[White "Mirada, Luciano"]
[Black "De Dovitiis, Alejo"]
[Result "0-1"]
[WhiteElo "1863"]
[BlackElo "2338"]
[PlyCount "78"]
[EventDate "2017.10.01"]
[EventType "swiss"]
[EventRounds "9"]
[EventCountry "ARG"]
[SourceTitle "CBM 181 Extra"]
[Source "ChessBase"]
[SourceDate "2017.12.12"]
[SourceVersion "1"]
[SourceVersionDate "2017.12.12"]
[SourceQuality "1"]

1. e4 e6 2. d4 d5 3. e5 c5 4. c3 Qb6 5. Nf3 Bd7 6. Bd3 Bb5 7. 0-0 Bxd3 8. Qxd3 cxd4 9. Nxd4 Nc6 10. Nxc6 bxc6 11. a4 Ne7 12. Nd2 Nf5 13. Nf3 Be7 14. Bg5 Bxg5 15. Nxg5 a5 16. Rfe1 h6 17. Nf3 0-0 18. g4 Ne7 19. g5 h5 20. Nd4 c5 21. Nb5 Nf5 22. Qf3 g6 23. Rad1 Rac8 24. Qf4 Rfd8 25. Rd3 Rd7 26. Red1 Rcd8 27. R1d2 Kg7 28. h4 Qc6 29. Rd1 Rb8 30. R1d2 c4 31. Rf3 Rxb5 32. axb5 Qxb5 33. Kh2 Qc6 34. Kh3 Rb7 35. Kg2 Rb3 36. Qh2 d4 37. Qf4 dxc3 38. bxc3 Rxc3 39. Rd6 Qxf3+ 0-1

[Event "Villa Martelli ProAm op 23rd"]
[Site "Villa Martelli"]
[Date "2016.11.25"]
[Round "7"]
[White "Mirada, Luciano"]
[Black "Medone, Raul"]
[Result "1-0"]
[WhiteElo "1831"]
[BlackElo "1692"]
[PlyCount "83"]
[EventDate "2016.11.20"]
[EventType "swiss"]
[EventRounds "9"]
[EventCountry "ARG"]
[SourceTitle "CBM 175 Extra"]
[Source "ChessBase"]
[SourceDate "2016.12.12"]
[SourceVersion "1"]
[SourceVersionDate "2016.12.12"]
[SourceQuality "1"]

1. Nf3 Nf6 2. g3 g6 3. Bg2 Bg7 4. 0-0 0-0 5. c4 c6 6. d4 d5 7. Nc3 Nbd7 8. b3 dxc4 9. bxc4 Re8 10. Bg5 h6 11. Bf4 Nb6 12. c5 Nbd5 13. Nxd5 Nxd5 14. Be5 f6 15. Bf4 Nxf4 16. gxf4 Qc7 17. e3 Bg4 18. Rb1 Kh7 19. Qb3 Bxf3 20. Bxf3 Rab8 21. Qe6 Qc8 22. Qf7 Qd7 23. Be4 f5 24. Bf3 Rf8 25. Qc4 e6 26. Qa4 Ra8 27. Rb4 Rf7 28. Rfb1 Qc8 29. Qb3 Rb8 30. Be2 b5 31. cxb6 Bf8 32. Rc4 Rxb6 33. Qc2 c5 34. Rc1 Qb7 35. dxc5 Rb2 36. Qd1 Rc7 37. c6 Qb5 38. Qd8 Rf7 39. c7 Rxe2 40. c8Q Qb2 41. R4c2 Rxc2 42. Qxc2 1-0

[Event "Villa Martelli ProAm op 23rd"]
[Site "Villa Martelli"]
[Date "2016.11.24"]
[Round "6"]
[White "Fabrega, Enrique"]
[Black "Mirada, Luciano"]
[Result "1-0"]
[WhiteElo "2168"]
[BlackElo "1831"]
[PlyCount "72"]
[EventDate "2016.11.20"]
[EventType "swiss"]
[EventRounds "9"]
[EventCountry "ARG"]
[SourceTitle "CBM 175 Extra"]
[Source "ChessBase"]
[SourceDate "2016.12.12"]
[SourceVersion "1"]
[SourceVersionDate "2016.12.12"]
[SourceQuality "1"]

1. d4 d5 2. Nf3 c6 3. g3 Nf6 4. Bg2 e6 5. c4 Be7 6. Nc3 0-0 7. 0-0 Nbd7 8. cxd5 exd5 9. Bf4 Re8 10. Rc1 Nf8 11. a3 a5 12. Na4 Ne4 13. Qb3 Ng6 14. Be3 Bf6 15. Nb6 Ra6 16. Nxc8 Qxc8 17. Rfd1 a4 18. Qc2 Nd6 19. Nd2 Qe6 20. Nf3 Nc4 21. Bd2 Ne7 22. e3 Nc8 23. Ne1 N8d6 24. Nd3 b6 25. Nb4 Raa8 26. Bc3 Nb7 27. Re1 Bg5 28. Rcd1 f5 29. g4 fxg4 30. Nxc6 Qxc6 31. Qf5 Rad8 32. Qxg5 Nba5 33. e4 dxe4 34. d5 Qg6 35. Qxg6 hxg6 36. Bxe4 Nb3 1-0

[Event "Buenos Aires Rubinstein Memorial 26th"]
[Site "Buenos Aires"]
[Date "2016.08.11"]
[Round "7"]
[White "Mirada, Luciano"]
[Black "Bulcourf, Carlos"]
[Result "1/2-1/2"]
[WhiteElo "1833"]
[BlackElo "2073"]
[PlyCount "62"]
[EventDate "2016.08.06"]
[EventType "swiss"]
[EventRounds "8"]
[EventCountry "ARG"]
[SourceTitle "CBM 174 Extra"]
[Source "ChessBase"]
[SourceDate "2016.10.10"]
[SourceVersion "1"]
[SourceVersionDate "2016.10.10"]
[SourceQuality "1"]

1. e4 Nf6 2. e5 Nd5 3. d4 d6 4. c4 Nb6 5. exd6 exd6 6. Nc3 Be7 7. Bd3 Nc6 8. Nge2 0-0 9. 0-0 f5 10. b3 Bf6 11. Bb1 a5 12. Be3 a4 13. d5 axb3 14. Qxb3 Na5 15. Qc2 Naxc4 16. Bd4 Na3 17. Qb3 Nbc4 18. Rd1 Nxb1 19. Raxb1 Na3 20. Bxf6 Qxf6 21. Rbc1 Re8 22. Nd4 f4 23. Ncb5 Nxb5 24. Nxb5 Bd7 25. Nxc7 b5 26. Nxa8 Rxa8 27. Rc7 Rd8 28. Re1 h5 29. Qd3 b4 30. Qb3 Qd4 31. Rd1 Qb6 1/2-1/2

[Event "Buenos Aires Rubinstein Memorial 26th"]
[Site "Buenos Aires"]
[Date "2016.08.09"]
[Round "5"]
[White "Mirada, Luciano"]
[Black "Franco, Gaston Nicolas"]
[Result "1/2-1/2"]
[WhiteElo "1833"]
[BlackElo "2028"]
[PlyCount "22"]
[EventDate "2016.08.06"]
[EventType "swiss"]
[EventRounds "8"]
[EventCountry "ARG"]
[SourceTitle "CBM 174 Extra"]
[Source "ChessBase"]
[SourceDate "2016.10.10"]
[SourceVersion "1"]
[SourceVersionDate "2016.10.10"]
[SourceQuality "1"]

1. c4 e6 2. Nc3 d5 3. d4 Nf6 4. Nf3 Be7 5. g3 0-0 6. Bg2 c6 7. 0-0 Nbd7 8. b3 Ne4 9. Bb2 f5 10. Rc1 Ndf6 11. Ne5 Nxc3 1/2-1/2

[Event "ARG-chT"]
[Site "Villa Martelli"]
[Date "2015.09.12"]
[Round "3.7"]
[White "Conde, Adrian"]
[Black "Mirada, Luciano"]
[Result "1-0"]
[WhiteElo "2090"]
[BlackElo "1810"]
[PlyCount "147"]
[EventDate "2015.08.29"]
[EventType "team-swiss"]
[EventRounds "9"]
[EventCountry "ARG"]
[SourceTitle "EXT 2017"]
[Source "ChessBase"]
[SourceDate "2016.10.25"]
[SourceVersion "1"]
[SourceVersionDate "2016.10.25"]
[SourceQuality "1"]
[WhiteTeam "Tacticos y Estrategas"]
[BlackTeam "Mar del Plata"]
[WhiteTeamCountry "ARG"]
[BlackTeamCountry "ARG"]

1. d4 Nf6 2. c4 c5 3. d5 b5 4. cxb5 a6 5. b6 Qxb6 6. Nc3 g6 7. e4 d6 8. Nf3 Bg7 9. Be2 0-0 10. 0-0 Bg4 11. Nd2 Bxe2 12. Qxe2 Nbd7 13. Kh1 Rab8 14. f4 Qb7 15. Nc4 Rfe8 16. Be3 Qc7 17. Rad1 Nb6 18. Na3 e6 19. dxe6 Rxe6 20. Qd3 d5 21. exd5 Nfxd5 22. Nxd5 Nxd5 23. Qxd5 Rxe3 24. Nc4 Re2 25. Qf3 Re6 26. f5 gxf5 27. Qxf5 Rh6 28. h3 Rf6 29. Qd5 Rxf1+ 30. Rxf1 Rd8 31. Rxf7 Qxf7 32. Qxd8+ Bf8 33. Qg5+ Kh8 34. Qe5+ Kg8 35. b3 Qf2 36. Qg5+ Kh8 37. Ne5 Qf1+ 38. Kh2 Qf2 39. a4 Qf1 40. Nc4 Qf2 41. Qe5+ Bg7 42. Qb8+ Bf8 43. Qg3 Qf6 44. Qf3 Bd6+ 45. Nxd6 Qxd6+ 46. Qg3 Qb6 47. h4 h6 48. h5 Qf6 49. Qb8+ Kh7 50. Qb7+ Kh8 51. Qa8+ Kh7 52. Qe4+ Kh8 53. Kh3 Qf7 54. Qa8+ Kg7 55. Qf3 Qa7 56. Qf5 Qb6 57. Qg6+ Qxg6 58. hxg6 h5 59. Kg3 Kxg6 60. Kf4 Kf6 61. Ke4 Ke6 62. a5 Kd6 63. Kf5 Kc6 64. Kg5 Kb5 65. Kxh5 Kxa5 66. g4 Kb4 67. g5 Kxb3 68. g6 c4 69. g7 c3 70. g8Q+ Kb2 71. Qb8+ Kc1 72. Qf4+ Kb2 73. Qb4+ Kc2 74. Kg4 1-0

[Event "ARG-chT"]
[Site "Villa Martelli"]
[Date "2014.10.25"]
[Round "9.3"]
[White "Montoro, Gustavo Ernesto"]
[Black "Mirada, Luciano"]
[Result "1-0"]
[WhiteElo "1993"]
[BlackElo "1861"]
[PlyCount "63"]
[EventDate "2014.08.30"]
[EventType "team-tourn"]
[EventRounds "9"]
[EventCountry "ARG"]
[SourceTitle "EXT 2015"]
[Source "ChessBase"]
[SourceDate "2014.11.20"]
[SourceVersion "1"]
[SourceVersionDate "2014.11.20"]
[SourceQuality "1"]
[WhiteTeam "Fueguina Federation"]
[BlackTeam "Mar del Plata"]
[WhiteTeamCountry "ARG"]
[BlackTeamCountry "ARG"]

1. e4 c5 2. Nc3 Nc6 3. f4 g6 4. Nf3 Bg7 5. Bc4 e6 6. 0-0 Nge7 7. d3 0-0 8. Qe1 Nd4 9. Nxd4 cxd4 10. Nd1 d5 11. Bb3 dxe4 12. dxe4 a5 13. a4 Qb6 14. Nf2 Nc6 15. Nd3 Nb4 16. Nxb4 axb4 17. Rf3 Rd8 18. Rd3 Bd7 19. Bd2 Bc6 20. f5 exf5 21. exf5 Re8 22. Qf2 Be4 23. fxg6 Bxg6 24. Rf3 Re7 25. Rf1 Rf8 26. Kh1 Qa6 27. Bxb4 Re2 28. Qh4 Be4 29. R3f2 Rxf2 30. Qxf2 Qg6 31. Bxf8 Bxf8 32. Bxf7+ 1-0

[Event "ARG-chT"]
[Site "Villa Martelli"]
[Date "2014.09.20"]
[Round "4.1"]
[White "Mirada, Luciano"]
[Black "Mela, Benjamin"]
[Result "0-1"]
[WhiteElo "1861"]
[BlackElo "2339"]
[PlyCount "57"]
[EventDate "2014.08.30"]
[EventType "team-tourn"]
[EventRounds "9"]
[EventCountry "ARG"]
[SourceTitle "EXT 2015"]
[Source "ChessBase"]
[SourceDate "2014.11.20"]
[SourceVersion "1"]
[SourceVersionDate "2014.11.20"]
[SourceQuality "1"]
[WhiteTeam "Mar del Plata"]
[BlackTeam "Vicente Lopez"]
[WhiteTeamCountry "ARG"]
[BlackTeamCountry "ARG"]

1. e4 e6 2. d4 d5 3. e5 c5 4. c3 Nc6 5. Nf3 Bd7 6. Bd3 Rc8 7. dxc5 Bxc5 8. 0-0 Nge7 9. Qe2 Ng6 10. Re1 f6 11. b4 Bb6 12. exf6 Qxf6 13. Bg5 Qf7 14. Na3 0-0 15. b5 Nce7 16. c4 Nf4 17. Bxf4 Qxf4 18. cxd5 Nxd5 19. Nc4 Bc5 20. Nce5 Be8 21. Bc2 Bd6 22. Qd3 g6 23. Bb3 Rc5 24. Nc4 Bd7 25. Nxd6 Qxd6 26. a4 Qc7 27. Ne5 Bc8 28. Qd2 Nf4 29. Kh1 0-1

[Event "Villa Martelli Pro Am op 17th"]
[Site "Villa Martelli"]
[Date "2010.10.11"]
[Round "1"]
[White "Mirada, Luciano"]
[Black "Wisniacki, Flavio"]
[Result "0-1"]
[WhiteElo "1855"]
[BlackElo "2257"]
[PlyCount "78"]
[EventDate "2010.10.10"]
[EventType "swiss"]
[EventRounds "9"]
[EventCountry "ARG"]
[SourceTitle "CBM 138 Extra"]
[Source "ChessBase"]
[SourceDate "2010.10.29"]
[SourceVersion "1"]
[SourceVersionDate "2010.10.29"]
[SourceQuality "1"]

1. e4 c5 2. Nf3 e6 3. d4 cxd4 4. Nxd4 a6 5. Bd3 Nc6 6. Nxc6 dxc6 7. 0-0 e5 8. f4 Nf6 9. Kh1 Bc5 10. f5 Qd6 11. a4 h5 12. Na3 Ng4 13. Qe2 Qd4 14. h3 Qxa4 15. Bd2 Qd4 16. Bc3 Qe3 17. Qxe3 Nxe3 18. Rf3 f6 19. b4 Ba7 20. Re1 Ng4 21. Nc4 Ke7 22. Na5 Bb6 23. Nc4 Bc7 24. Rff1 b5 25. Ne3 Nxe3 26. Rxe3 h4 27. Ra1 Bb7 28. g3 Bb6 29. Rf3 c5 30. bxc5 Bxc5 31. gxh4 Rxh4 32. Re1 b4 33. Bd2 a5 34. Be3 Kd6 35. Bxc5+ Kxc5 36. Rg3 Ra7 37. Kh2 Bc6 38. Rg4 Rxg4 39. hxg4 a4 0-1

[Event "Villa Martelli Pro Am op 16th"]
[Site "Villa Martelli"]
[Date "2009.10.18"]
[Round "3"]
[White "Mirada, Luciano"]
[Black "Malbran, Guillermo"]
[Result "1/2-1/2"]
[WhiteElo "1784"]
[BlackElo "2195"]
[PlyCount "44"]
[EventDate "2009.10.15"]
[EventType "swiss"]
[EventRounds "9"]
[EventCountry "ARG"]
[SourceTitle "CBM 132 Extra"]
[Source "ChessBase"]
[SourceDate "2009.11.03"]
[SourceVersion "1"]
[SourceVersionDate "2009.11.03"]
[SourceQuality "1"]

1. b4 e5 2. Bb2 Bxb4 3. Bxe5 Nf6 4. Nf3 0-0 5. e3 d5 6. Be2 Nbd7 7. Bb2 Nc5 8. 0-0 Re8 9. c4 dxc4 10. Bxc4 Be6 11. Bxe6 Nxe6 12. Qb3 Be7 13. d4 Qd5 14. Qc2 c5 15. Nc3 Qh5 16. Rad1 Rad8 17. d5 Nxd5 18. Nxd5 Rxd5 19. Rxd5 Qxd5 20. Rd1 Qxa2 21. Ra1 Qd5 22. Rd1 Qa2 1/2-1/2

[Event "Villa Martelli Rubinstein op"]
[Site "Villa Martelli"]
[Date "2009.08.05"]
[Round "2"]
[White "Mirada, Luciano"]
[Black "Ricchio, Mario Alberto"]
[Result "1/2-1/2"]
[WhiteElo "1760"]
[BlackElo "1889"]
[PlyCount "101"]
[EventDate "2009.08.04"]
[EventType "swiss"]
[EventRounds "7"]
[EventCountry "ARG"]
[SourceTitle "CBM 131 Extra"]
[Source "ChessBase"]
[SourceDate "2009.09.03"]
[SourceVersion "2"]
[SourceVersionDate "2009.09.16"]
[SourceQuality "1"]

1. e4 c6 2. d4 d5 3. exd5 cxd5 4. c4 dxc4 5. Bxc4 Qc7 6. Qb3 e6 7. Ne2 Nf6 8. Bf4 Bd6 9. Bxd6 Qxd6 10. Nbc3 0-0 11. 0-0 Nc6 12. Nb5 Qe7 13. Qe3 Rd8 14. Rad1 a6 15. Nbc3 b5 16. Bd3 Nb4 17. Bb1 Nbd5 18. Nxd5 Nxd5 19. Qe4 g6 20. h4 Bb7 21. Qg4 h5 22. Qg3 Qf6 23. f4 Ne7 24. Qg5 Kg7 25. Ng3 Qxg5 26. fxg5 Rd7 27. Rf4 Rad8 28. Rdf1 Nf5 29. Bxf5 exf5 30. Rd1 Rc8 31. Rf2 Rcd8 32. Rfd2 f4 33. Ne2 f3 34. gxf3 Bxf3 35. Kf2 Bg4 36. Rd3 Rd5 37. R1d2 Rf5+ 38. Kg3 Re8 39. Nf4 f6 40. d5 Rfe5 41. gxf6+ Kxf6 42. d6 Re3+ 43. Kf2 Rxd3 44. Rxd3 Rd8 45. Ke3 Be6 46. b4 Bf7 47. Ke4 g5 48. hxg5+ Kxg5 49. Rg3+ Kf6 50. Rd3 h4 51. a3 1/2-1/2

[Event "Villa Martelli Pro Am op 15th"]
[Site "Villa Martelli"]
[Date "2008.10.15"]
[Round "6"]
[White "Mirada, Luciano"]
[Black "Lopez, Jose Luis"]
[Result "1-0"]
[WhiteElo "1755"]
[BlackElo "1799"]
[PlyCount "35"]
[EventDate "2008.10.10"]
[EventType "swiss"]
[EventRounds "9"]
[EventCountry "ARG"]
[SourceTitle "CBM 126 Extra"]
[Source "ChessBase"]
[SourceDate "2008.11.05"]
[SourceVersion "1"]
[SourceVersionDate "2008.11.05"]
[SourceQuality "1"]

1. e4 d5 2. exd5 Qxd5 3. Nc3 Qa5 4. d4 Nf6 5. Nf3 c6 6. Be2 Bf5 7. 0-0 e6 8. Bd2 Nbd7 9. Ne4 Qc7 10. Ng3 Bg6 11. c4 c5 12. Bc3 cxd4 13. Nxd4 Ne4 14. Nb5 Qb6 15. Bd4 Bc5 16. Nxe4 Bxe4 17. Bxc5 Qxc5 18. Nd6+ 1-0

[Event "Villa Martelli Pro Am op 14th"]
[Site "Villa Martelli"]
[Date "2007.10.12"]
[Round "3"]
[White "Mirada, Luciano"]
[Black "Franco, Gaston Nicolas"]
[Result "1/2-1/2"]
[WhiteElo "1692"]
[BlackElo "2004"]
[PlyCount "61"]
[EventDate "2007.10.18"]
[EventType "swiss"]
[EventRounds "9"]
[EventCountry "ARG"]
[SourceTitle "EXT 2008"]
[Source "ChessBase"]
[SourceDate "2007.11.25"]
[SourceVersion "1"]
[SourceVersionDate "2007.11.25"]
[SourceQuality "1"]

1. d4 Nf6 2. c4 e5 3. dxe5 Ng4 4. Nf3 Bc5 5. e3 Nc6 6. Nc3 0-0 7. Be2 Ngxe5 8. 0-0 a5 9. b3 d6 10. Bb2 Nxf3+ 11. Bxf3 Ne5 12. Na4 Qg5 13. Nxc5 Nxf3+ 14. Qxf3 dxc5 15. Qg3 Qxg3 16. hxg3 a4 17. f3 Be6 18. Rfd1 Ra6 19. Bc3 axb3 20. axb3 Rb6 21. Ra3 f6 22. Kf2 Re8 23. g4 h6 24. Rd2 Kf7 25. e4 g6 26. Re2 Rd8 27. Rd2 Rbd6 28. Raa2 Ke7 29. Rxd6 cxd6 30. Ra7 Rb8 31. Ke3 1/2-1/2

[Event "LNA Puma Cup"]
[Site "Argentina"]
[Date "2007.09.09"]
[Round "5"]
[White "Mirada, Luciano"]
[Black "Goldwaser, Christian"]
[Result "0-1"]
[WhiteElo "1692"]
[BlackElo "2352"]
[PlyCount "122"]
[EventDate "2007.08.11"]
[EventType "team-tourn"]
[EventRounds "9"]
[EventCountry "ARG"]
[SourceTitle "CBM 120 Extra"]
[Source "ChessBase"]
[SourceDate "2007.11.01"]
[SourceVersion "1"]
[SourceVersionDate "2007.11.01"]
[SourceQuality "1"]

1. e4 e6 2. d4 d5 3. Nc3 Bb4 4. e5 c5 5. a3 Bxc3+ 6. bxc3 Nc6 7. Nf3 Qa5 8. Bd2 c4 9. g3 Bd7 10. Bg2 0-0-0 11. 0-0 h6 12. Qe2 Qa4 13. Ra2 Kb8 14. Rb1 Ka8 15. Rab2 Bc8 16. Bc1 Nge7 17. h4 Rhf8 18. Nh2 Ng8 19. Bh3 Rde8 20. h5 Qa5 21. Qe3 f6 22. Nf3 Qc7 23. a4 Qf7 24. g4 f5 25. Nh2 fxg4 26. Bxg4 Nge7 27. Qf3 Qxf3 28. Bxf3 Rf7 29. Bg4 Ref8 30. f4 Nf5 31. Nf3 Rc7 32. Kg2 Bd7 33. Bd2 Be8 34. Rh1 Nce7 35. Nh4 Nxh4+ 36. Rxh4 Nf5 37. Rh2 Bxa4 38. Bxf5 Rxf5 39. Kf3 Be8 40. Kg4 b6 41. Be3 Kb7 42. Ra2 a5 43. Bc1 Ka6 44. Ra1 Rcf7 45. Be3 Rf8 46. Bd2 Rg8 47. Be3 b5 48. Bd2 Kb6 49. Rhh1 Bf7 50. Rh2 Ra8 51. Ra2 Bg8 52. Kf3 Bh7 53. Rg2 Rf7 54. Rb2 Be4+ 55. Kg3 Bxg2 56. Kxg2 g6 57. hxg6 Rg8 58. Rb1 Rxg6+ 59. Kf3 h5 60. Rh1 Rf5 61. Rh4 Rg1 0-1

[Event "Villa Martelli Proyeccion op 1st"]
[Site "Villa Martelli"]
[Date "2007.04.19"]
[Round "1"]
[White "Mirada, Luciano"]
[Black "Konig, Cesar"]
[Result "0-1"]
[WhiteElo "1470"]
[BlackElo "2090"]
[PlyCount "76"]
[EventDate "2007.04.19"]
[EventType "swiss"]
[EventRounds "7"]
[EventCountry "ARG"]
[SourceTitle "EXT 2019"]
[Source "ChessBase"]
[SourceDate "2018.10.10"]
[SourceVersion "1"]
[SourceVersionDate "2018.10.10"]
[SourceQuality "1"]

1. c4 Nf6 2. Nf3 g6 3. g3 Bg7 4. Bg2 d6 5. 0-0 0-0 6. Nc3 e5 7. e4 Nc6 8. d3 Bd7 9. h3 Ne7 10. Nh4 c6 11. a4 Ne8 12. f4 exf4 13. gxf4 Nd5 14. cxd5 Qxh4 15. f5 Bd4+ 16. Kh1 c5 17. Rf4 Qe7 18. Rg4 Kh8 19. Bh6 Rg8 20. Qf1 Rb8 21. Re1 Be5 22. Re2 f6 23. Bf4 g5 24. Bxe5 Qxe5 25. Bf3 Ng7 26. h4 Nh5 27. Reg2 Nf4 28. Rg1 h5 29. R4g3 g4 30. Bd1 b5 31. Ne2 Nxe2 32. Qxe2 bxa4 33. Qd2 Kh7 34. Qa5 Rxb2 35. Qxa7 Rg7 36. R1g2 Rxg2 37. Rxg2 Bb5 38. Qa5 Bxd3 0-1